000 00511nam a2200217Ia 4500
005 20260320201646.0
008 008 262003s9999 xx 000 0 eng d
037 _aEBOOK
040 _aCRL
040 _beng
040 _cCRL
041 _2eng
041 _aeng
084 _qCRL
245 0 _aComputer Vision & Laser Vibrometry, 2023
260 _bIEEE
856 _uhttps://ieeexplore.ieee.org/servlet/opac?bknumber=11054374
942 _cEBOOK
999 _c1722759
_d1722759